LEADER 01257nam a2200313 u 4500 001 000000056429 003 CaOOAMICUS 005 20070226120455.0 008 960606s1993 it u000 u ita u 020 $a8842041971 035 $a10871784 040 $aPica$bdut$dPUL(R) 041 1 $aita$hfre 082 00$a940.1/092/2 245 02$aL'uomo medievale /$ca cura di Jacques Le Goff ; traduzione di Maria Garin ... [et al.]. 260 $aRoma :$bLaterza,$c1993, c1987. 300 $a424 p ;$c22 cm 490 1 $aEconomica Laterza ;$v6 500 $aEerder verschenen in de serie Storia e Società, 1987. 700 1 $aGarin, Maria.$0(OLS)http://pul/name/39569 700 1 $aLe Goff, Jacques,$d1924-2014.$0(OLS)http://pul/name/469 830 0$aEconomica Laterza ;$v6.$0(OLS)http://pul/title/39309 850 $aPUL 852 $aPUL$W1$xDP1 Altre Collocazioni$y17$mSenza collocazione$j12$nBK-PRI$b $qStampati$B74017$CPULBib$Z2$F74017 $H $81 941 1 $a8 996 $6020$a8842041971$9(OLS)http://pul/number/71150 996 $6082$a940.1/092/2$9(OLS)http://pul/classification/333 996 $6245$aL'uomo medievale$9(OLS)http://pul/title/75476 996 $6260$aRoma :$bLaterza$9(OLS)http://pul/publisher/47864 LEADER 01413nam a2200325 a 4500 001 000000149558 003 CaOOAMICUS 005 20160219140419.0 008 160219s2016 it u000 u ita r 020 $a978-88-17-08599-1* 032 $aLibriCat 040 $aPUL$bita 041 1 $aita$hger 082 04$a262 100 1 $aKüng, Hans,$d1928-$0(OLS)http://pul/name/4001 240 10$aSieben Päpste.$lItaliano.$0(OLS)http://pul/title/188560 245 10$aDi fronte al Papa :$bla mia vita nella Chiesa da Pio XII a Francesco /$cHans Küng ; traduzione a cura di Chicca Galli. 260 $aMilano :$bRizzoli,$c©2016$aMilano :$bR.C.S. Libri,$c©2016. 300 $a366 p. ;$c21 cm. 600 14$aKüng, Hans,$d1928-$xTeologia.$0(OLS)http://pul/subject/18762 650 4$aEcumenismo.$0(OLS)http://pul/subject/995 850 $aPUL 852 $aPUL$W1$xSL Religione 3$y85$m262 KUNHA 1$j172215$qDDC 21$B173839$CPULBib$Z2$F173839 $H127213 $81 941 1 $a9 996 $6020$a978-88-17-08599-1*$9(OLS)http://pul/number/159790 996 $6082$a262$9(OLS)http://pul/classification/438 996 $6245$aDi fronte al Papa :$bla mia vita nella Chiesa da Pio XII a Francesco$9(OLS)http://pul/title/188561 996 $6260$aMilano :$bRizzoli$9(OLS)http://pul/publisher/48712 996 $6260$aMilano :$bR.C.S. Libri$9(OLS)http://pul/publisher/74600